Oversupply from 2009? (Record no. 78522)

MARC details
000 -LEADER
fixed length control field 00766cab a22001935a 4500
001 - CONTROL NUMBER
control field L136988
008 - FIXED-LENGTH DATA ELEMENTS--GENERAL INFORMATION
fixed length control field 070307e2007 xxk 000 0 eng d
035 ## - SYSTEM CONTROL NUMBER
System control number (Sirsi) u136988
041 0# - LANGUAGE CODE
Language code of text/sound track or separate title eng
100 1# - MAIN ENTRY--PERSONAL NAME
Personal name Ives, Paul
245 00 - TITLE STATEMENT
Title Oversupply from 2009?
Remainder of title Is the City getting the balance right?
260 ## - PUBLICATION, DISTRIBUTION, ETC.
Date of publication, distribution, etc. 2007
490 ## - SERIES STATEMENT
Series statement Property Forecast
Volume/sequential designation February 2007, 3-5(3)
520 ## - SUMMARY, ETC.
Summary, etc. Reports on the fall in office availability levels in Central London, and the sharp rise in the number of office construction schemes. Questions whether there will be a healthy balance between supply and demand in the current cycle in view of developments in the past two market cycles.
590 ## - LOCAL NOTE (RLIN)
Local note KA
651 #4 - SUBJECT ADDED ENTRY--GEOGRAPHIC NAME
Geographic name LONDON
690 ## - LOCAL SUBJECT ADDED ENTRY--TOPICAL TERM (OCLC, RLIN)
Topical term or geographic name as entry element PROPERTY-PROPERTY MARKET
942 ## - ADDED ENTRY ELEMENTS (KOHA)
Suppress in OPAC 0
Holdings
Withdrawn status Lost status Source of classification or shelving scheme Damaged status Not for loan Home library Current library Shelving location Date acquired Total Checkouts Full call number Barcode Date last seen Copy number Price effective from Koha item type
    Dewey Decimal Classification     London London Journal article 07/03/2007   L136988 136988-1001 06/08/2019 1 06/08/2019 Journal article